Návrh riešenia automatického spracovania integrovanej bázy údajov sociálno-ekonomických informácií stavebného podniku kandidátska dizertačná práca

Saved in:
Bibliographic Details
Main Author: Babicz, Mikuláš
Corporate Author: Vysoká škola ekonomická v Bratislave. Fakulta riadenia
Other Authors: Štefánek, Ján
Format: Book
Language:Slovak
Published: Bratislava 1982
Tags: Add Tag
No Tags, Be the first to tag this record!

MARC

LEADER 00000nam a2200000 4500
001 c135039
005 20230116104748.8
041 0 |a slo 
044 |a SK 
245 1 0 |a Návrh riešenia automatického spracovania integrovanej bázy údajov sociálno-ekonomických informácií stavebného podniku  |b kandidátska dizertačná práca  |c Mikuláš Babicz ; ved. Ján Štefánek 
264 1 |a Bratislava  |c 1982 
300 |a 134 s. 
100 1 |a Babicz, Mikuláš 
700 1 |a Štefánek, Ján 
710 2 |a Vysoká škola ekonomická v Bratislave. Fakulta riadenia